[Event "BSV - Berliner Einzelmeisterschaft 2025 "]
[Site "Berlin, Germany"]
[Date "2025.04.27"]
[Round "9.9"]
[White "Matviienko, Mykhailo"]
[Black "Richter, Michael"]
[Result "0-1"]
[WhiteElo "2158"]
[BlackElo "2402"]
[PlyCount "112"]
[GameId "2171245339156567"]
[EventDate "2025.??.??"]
[TimeControl "40/6600:1800+30"]

1. c4 e6 2. g3 d5 3. Bg2 Nf6 4. Nf3 Be7 5. b3 d4 6. O-O c5 7. d3 Nc6 8. Bf4 Nd7 9. Na3 e5 10. Bd2 O-O 11. Nc2 f5 12. Rb1 a5 13. a3 Bf6 14. Nfe1 Qe7 15. e4 f4 16. gxf4 exf4 17. Bxf4 Nde5 18. Qd2 g5 19. Bg3 Ng6 20. Qe2 Be5 21. Bf3 Nf4 22. Qd1 Bh3 23. Ng2 Kh8 24. Nce1 Rf7 25. Bxf4 gxf4 26. Bg4 Bxg4 27. Qxg4 Rg8 28. Qh3 Qf8 29. Kh1 Rf6 30. Nf3 Rh6 31. Ngh4 Bf6 32. Rg1 Bxh4 33. Nxh4 Ne5 34. Rxg8+ Qxg8 35. Rg1 Qd8 36. Qf5 Nxd3 37. h3 Rxh4 38. Qf7 Rxh3+ 39. Kg2 Rh6 40. Kf1 Rg6 41. Rxg6 hxg6 42. Qxg6 Qh4 43. Qe8+ Kg7 44. Qd7+ Kf8 45. Qc8+ Kf7 46. Qxb7+ Qe7 47. Qd5+ Qe6 48. Qh5+ Ke7 49. Qf3 Ne5 50. Qh5 a4 51. Qh4+ Kd7 52. bxa4 Qxc4+ 53. Kg2 f3+ 54. Kh2 Qe6 55. a5 Qg6 56. Qh3+ Kc7 0-1

[Event "BSV - Berliner Einzelmeisterschaft 2025 "]
[Site "Berlin, Germany"]
[Date "2025.04.27"]
[Round "9.10"]
[White "Noeldner, Julian"]
[Black "Heerde, Thomas"]
[Result "1-0"]
[WhiteElo "2279"]
[BlackElo "1983"]
[PlyCount "37"]
[GameId "2171245339156564"]
[EventDate "2025.??.??"]
[TimeControl "40/6600:1800+30"]

1. e4 c5 2. Nf3 g6 3. c4 Bg7 4. d4 d6 5. Nc3 Qa5 6. h3 Nf6 7. Bd3 Nc6 8. Be3 Nd7 9. Be2 e5 10. dxc5 dxc5 11. O-O Nd4 12. Nd5 O-O 13. b4 Nxe2+ 14. Qxe2 cxb4 15. Bd2 Rd8 16. a3 Qa4 17. axb4 Qb3 18. Rfb1 Qc2 19. Ne1 1-0

[Event "BSV - Berliner Einzelmeisterschaft 2025 "]
[Site "Berlin, Germany"]
[Date "2025.04.27"]
[Round "9.11"]
[White "Foerster, Jonas"]
[Black "Brustkern, Juergen"]
[Result "1-0"]
[WhiteElo "2266"]
[BlackElo "2093"]
[PlyCount "69"]
[GameId "2171245339156568"]
[EventDate "2025.??.??"]
[TimeControl "40/6600:1800+30"]

1. d4 d5 2. c4 e6 3. Nc3 c6 4. Nf3 dxc4 5. a4 Bb4 6. e3 b5 7. Be2 Nf6 8. O-O O-O 9. Qc2 a6 10. e4 Bb7 11. e5 Nd5 12. Ng5 g6 13. h4 Nd7 14. h5 Re8 15. Nce4 Nf8 16. Rd1 Qe7 17. b3 c3 18. Rd3 f5 19. exf6 Nxf6 20. hxg6 hxg6 21. Nxf6+ Qxf6 22. Ne4 Qg7 23. Bf4 c5 24. Be5 Bxe4 25. Bxg7 Kxg7 26. dxc5 bxa4 27. Rxa4 a5 28. c6 Bxd3 29. Bxd3 Red8 30. Qe2 Rd5 31. Ra1 Rc8 32. Be4 Rd2 33. Qa6 Rc7 34. Qb6 Bd6 35. Qxa5 1-0

[Event "BSV - Berliner Einzelmeisterschaft 2025 "]
[Site "Berlin, Germany"]
[Date "2025.04.27"]
[Round "9.13"]
[White "Pererva, Viktor"]
[Black "Kreutz, Jonas"]
[Result "1-0"]
[WhiteElo "2017"]
[BlackElo "2107"]
[PlyCount "107"]
[GameId "2171245339156566"]
[EventDate "2025.??.??"]
[TimeControl "40/6600:1800+30"]

1. c4 Nf6 2. g3 g6 3. Bg2 Bg7 4. Nc3 O-O 5. d4 d6 6. h3 Nbd7 7. Nf3 e5 8. e4 Kh8 9. O-O Ng8 10. Re1 f5 11. exf5 Rxf5 12. g4 Rf8 13. Ng5 Nb6 14. dxe5 h6 15. Nf3 Nxc4 16. Qd3 Nxe5 17. Nxe5 Bxe5 18. Qxg6 Qh4 19. Be3 Rf6 20. Qe4 Re6 21. Qc4 c6 22. f4 Bg7 23. Bf2 Qe7 24. f5 Re5 25. Bg3 d5 26. Qd3 Rxe1+ 27. Rxe1 Qc5+ 28. Bf2 Qd6 29. Bg3 Qc5+ 30. Kh2 Bd7 31. Ne4 Qd4 32. Qxd4 Bxd4 33. Nd6 b5 34. b3 a5 35. h4 Bf6 36. Be5 Bxe5+ 37. Rxe5 a4 38. g5 axb3 39. axb3 hxg5 40. hxg5 Kg7 41. f6+ Nxf6 42. Re7+ Kg6 43. gxf6 Kxf6 44. Rxd7 Rh8+ 45. Bh3 Rh4 46. Nb7 Ke5 47. Rc7 d4 48. Kg3 Rh6 49. Na5 d3 50. Rd7 Rd6 51. Rxd6 Kxd6 52. Nxc6 Kxc6 53. Kf2 Kc5 54. Ke1 1-0

[Event "BSV - Berliner Einzelmeisterschaft 2025 "]
[Site "Berlin, Germany"]
[Date "2025.04.27"]
[Round "9.14"]
[White "Torosyan, Bagrat"]
[Black "Nogly, Christoph"]
[Result "0-1"]
[WhiteElo "2145"]
[BlackElo "2203"]
[PlyCount "56"]
[GameId "2171245339156573"]
[EventDate "2025.??.??"]
[TimeControl "40/6600:1800+30"]

1. e4 e5 2. Nf3 Nc6 3. Bb5 a6 4. Ba4 Nf6 5. O-O b5 6. Bb3 Bb7 7. Re1 Bc5 8. c3 O-O 9. d4 Bb6 10. Bg5 h6 11. Bh4 d6 12. Qd3 g5 13. Bg3 Re8 14. Nbd2 Nh5 15. a4 Qf6 16. Bd5 Nxg3 17. hxg3 exd4 18. axb5 axb5 19. Qxb5 dxc3 20. bxc3 Rxa1 21. Rxa1 Qxc3 22. Nb3 Rb8 23. Rc1 Qb2 24. Rxc6 Bxc6 25. Qxc6 g4 26. Nfd2 Qf6 27. Qc1 Bxf2+ 28. Kh2 Qe5 0-1

[Event "BSV - Berliner Einzelmeisterschaft 2025 "]
[Site "Berlin, Germany"]
[Date "2025.04.27"]
[Round "9.15"]
[White "Caglar, Ertan"]
[Black "Vollmar, Timo"]
[Result "0-1"]
[WhiteElo "1836"]
[BlackElo "1882"]
[PlyCount "102"]
[GameId "2171245337800782"]
[EventDate "2025.??.??"]
[TimeControl "40/6600:1800+30"]

1. e4 c5 2. Nc3 Nc6 3. Nge2 g6 4. g3 Bg7 5. Bg2 Nf6 6. O-O O-O 7. d3 d6 8. h3 Ne8 9. f4 f5 10. exf5 gxf5 11. Nd5 Nf6 12. c3 e6 13. Ne3 Qb6 14. Nc4 Qc7 15. Be3 b6 16. Rc1 Bb7 17. Nd2 Rae8 18. d4 Ne7 19. Nf3 Ned5 20. Bf2 Ne4 21. c4 Nxf2 22. Kxf2 Nf6 23. dxc5 Qxc5+ 24. Ke1 Ne4 25. Qb3 Qa5+ 26. Kd1 Bc6 27. Qc2 d5 28. Nfd4 Bb7 29. Bxe4 dxe4 30. Qc3 Qc5 31. b4 Qd6 32. Ke1 Rd8 33. Rd1 e5 34. fxe5 Bxe5 35. a3 Rf6 36. Rd2 Qd7 37. Qe3 Rd6 38. Qg5+ Qg7 39. Qxg7+ Bxg7 40. Nb3 Rxd2 41. Nxd2 Bc8 42. g4 e3 43. Nb3 fxg4 44. hxg4 Bxg4 45. Rf4 h5 46. Ned4 Be5 47. Re4 Bg3+ 48. Kf1 Bf2 49. Nc1 Rf8 50. Nd3 e2+ 51. Nxe2 Bh3# 0-1

[Event "BSV - Berliner Einzelmeisterschaft 2025 "]
[Site "Berlin, Germany"]
[Date "2025.04.27"]
[Round "9.1"]
[White "Teschke, Max"]
[Black "Weber, Daniel"]
[Result "1-0"]
[WhiteElo "1968"]
[BlackElo "2178"]
[PlyCount "80"]
[GameId "2171245339218014"]
[EventDate "2025.??.??"]
[TimeControl "40/6600:1800+30"]

1. e4 c5 2. Nf3 e6 3. d4 cxd4 4. Nxd4 Nf6 5. Nc3 Nc6 6. Be2 Bb4 7. O-O Bxc3 8. bxc3 Nxe4 9. Nxc6 dxc6 10. Bd3 Nf6 11. Ba3 Qa5 12. Bb4 Qc7 13. c4 c5 14. Bc3 Bd7 15. Re1 Bc6 16. Qd2 O-O-O 17. Be5 Qe7 18. a4 h5 19. h3 Nh7 20. Qa5 b6 21. Qc3 Ng5 22. Re3 Qb7 23. Bxg7 Rhg8 24. Rg3 Ne4 25. Bxe4 Bxe4 26. f3 Bf5 27. Rg5 Rd4 28. Bf6 Rxg5 29. Bxg5 Qa6 30. Be3 Rd8 31. Bg5 Rd4 32. Be3 Rd8 33. a5 Qb7 34. axb6 axb6 35. Bg5 Rd4 36. Bf6 Rd7 37. Qe5 Rd2 38. Bg5 Rd4 39. Qh8+ Kc7 40. Ra8 Bxc2 1-0